Мелиорация и водное хозяйство. 1981, №11: Опыт проектирования гидросооружений лиманного орошения в условиях вечной мерзлоты (Запись № 2855732)

Подробности
000 -МАРКЕР
контрольное поле 01814nam2a22002651 4500
001 - ИДЕНТИФИКАТОР ЗАПИСИ
контрольное поле RU\NLR\INFOCOMM33\1000074453
005 - ИДЕНТИФИКАТОР ВЕРСИИ
контрольное поле 20040424132750.0
035 ## - ДРУГИЕ СИСТЕМНЫЕ НОМЕРА
Идентификатор записи (NLR Aleph) 002531794
100 ## - ДАННЫЕ ОБЩЕЙ ОБРАБОТКИ
Данные общей обработки 20040424d1981 |||y0rusy50 ba
101 0# - ЯЗЫК РЕСУРСА
Язык текста, звукозаписи и т.д. русский
102 ## - СТРАНА ПУБЛИКАЦИИ ИЛИ ПРОИЗВОДСТВА
Страна публикации Российская Федерация
105 ## - ПОЛЕ КОДИРОВАННЫХ ДАННЫХ: ТЕКСТОВЫЕ МАТЕРИАЛЫ, МОНОГРАФИЧЕСКИЕ
Кодированные данные о монографическом текстовом документе y |||||||||
200 1# - ЗАГЛАВИЕ И СВЕДЕНИЯ ОБ ОТВЕТСТВЕННОСТИ
Основное заглавие Опыт проектирования гидросооружений лиманного орошения в условиях вечной мерзлоты
Первые сведения об ответственности Л.Н. Слоев, В.В. Федунов
210 ## - ПУБЛИКАЦИЯ, РАСПРОСТРАНЕНИЕ И ДР.
Дата издания, распространения и т.д. 1981
461 #0 - УРОВЕНЬ НАБОРА
Встроенное поле 001RU\NLR\INFOCOMM33\1000073313
-- 2001#$aМелиорация и водное хозяйство$eОбзор. информ.$iСерия "Информационное обеспечение целевой комплексной научно-технической программы и программ по решению научно-технических проблем"$fМ-во мелиорации и вод. хоз-ва СССР. ЦБНТИ (ЦБНТИ Минводхоза СССР)$v1981, №11
Системный номер (АБИС) связанной записи 2853879
Место публикации М.
Дата публикации 1965-
Первые сведения об ответственности М-во мелиорации и вод. хоз-ва СССР. ЦБНТИ (ЦБНТИ Минводхоза СССР)
Заглавие части Серия "Информационное обеспечение целевой комплексной научно-технической программы и программ по решению научно-технических проблем"
Сведения, относящиеся к заглавию Обзор. информ.
Заглавие Мелиорация и водное хозяйство
ISSN 0233-6170
Номер тома 1981, №11
700 #1 - ИМЯ ЛИЦА - ПЕРВИЧНАЯ ОТВЕТСТВЕННОСТЬ
Начальный элемент ввода Слоев
Часть имени, кроме начального элемента ввода Л. Н.
Код отношения Автор
701 #1 - ИМЯ ЛИЦА - АЛЬТЕРНАТИВНАЯ ОТВЕТСТВЕННОСТЬ
Начальный элемент ввода Федунов
Часть имени, кроме начального элемента ввода В. В.
Код отношения Автор
801 #0 - ИСТОЧНИК ЗАПИСИ
Страна Российская Федерация
Организация NLR
Правила каталогизации PSBO
801 #1 - ИСТОЧНИК ЗАПИСИ
Страна Российская Федерация
Организация InfoComm
Дата составления 20040424
852 ## - МЕСТОНАХОЖДЕНИЕ И ШИФР ХРАНЕНИЯ
Идентификатор организации NLR
Шифр хранения (Call Number) П10/3001
942 ## - ДОПОЛНИТЕЛЬНЫЕ ЭЛЕМЕНТЫ ЗАПИСИ (АБИС)
Тип экземпляра АБИС Выпуск
980 ## - КОЛЛЕКЦИЯ
Название коллекции Национальная библиография
980 ## - КОЛЛЕКЦИЯ
Название коллекции Русская периодика

Нет доступных экземпляров.